000 01037nam a2200265 i 4500
001 bg
245 0 0 _aRynek usług finansowych w Unii Europejskiej :
_bszanse i wyzwania dla Polski /
_c[kom. red. Krystyna Dziworska et al. ; Wyższa Szkoła Bankowa Gdańsk, Ośrodek Badań Integracji Europejskiej. Uniwersytet Gdański].
260 _aPoznań :
_bWydaw. Wyższej Szkoły Bankowej,
_c2004.
300 _a281 s. :
_brys., wykr. ;
_c24 cm.
504 _aBibliogr. przy pracach.
610 2 9 _aUnia Europejska
_xa Polska
_xfinanse
650 9 _aRynek finansowy
_zPolska
_yod 1989 r.
650 9 _aRynek finansowy
_xUnia Europejska
651 9 _aPolska
_xa Unia Europejska
_xfinanse
655 _aPodręczniki
700 1 _aDZIWORSKA, Krystyna
_d(1948- ).
_eRed.
020 _a8372053200
040 _cBPK
041 0 _apol
080 _a336.02:336.76](438:4-67)(07)
920 _a83-7205-320-0
942 _cKS
008 s pl f |000 0 pol
999 _c45734
_d45734
856 _uhttp://koha.tu.koszalin.pl/cgi-bin/koha/opac-detail.pl?biblionumber=45734
_yKatalog online BPK